000
00310nam a22001097a 4500
003
OSt
008
231114b |||||||| |||| 00| 0 eng d
041
_a
eng
245
_a
Small industry impact scheme
260
_a
New Delhi :
_b
Central Small Industries Organisation, Ministry of Commerce and Industry
942
_c
BK
999
_c
17808
_d
17808